Otec biskup Alojz Tkáč šesťdesiatnik

Bibliographic Details
Main Author: Gavlák, Jozef (Author)
Format: Article
Language:Slovak
PhysicalDescription:Obr. 1
Subjects:

MARC

LEADER 00000nab a2200000 a 4500
001 vtls000512448
003 SK-MaSNL
005 20260303172435.0
008 160216c1994 xo 0 slo
015 |a SNBRB19rr/mm-uuuuu 
035 |a CL0512586 
040 |a SNKBUCL  |b slo  |c SNKBUCL  |e AACR2 
041 0 |a slo 
044 |a xo  |c SK 
080 |a 262.12  |2 1981 
080 |a 929 Tkáč, Alojz  |2 1981 
100 1 |a Gavlák, Jozef  |4 aut  |9 841373 
245 1 0 |a Otec biskup Alojz Tkáč šesťdesiatnik  |c Jozef Gavlák 
300 |b Obr. 1 
600 1 7 |a Tkáč, Alojz,  |d 1934-2023  |2 snkbucl  |9 228314 
655 7 |a články z novín a časopisov  |2 snkbucl  |9 267496 
773 0 |t Katolícke noviny  |g Roč. 109, č. 10 (1994), s. 3 
850 |a Slovenská národná knižnica v Martine  |a MTA001 
852 |a SNK  |b KIS3GCP 
958 |a BX 
958 |a RK 
992 |a RBX 
999 |c 2086513  |d 2088443